00941nam a2200193 a 450000100100000000500170001000800410002702000180006804000250008610000490011124500910016026000440025130000360029550000630033195201200039495201050051495201110061999900170073000004650620201002052923.0150820s2015 dr c 000 0 spa d z9789945166666 aDO-SdBNPbspacBNPHU1 aMatos Flrián, Roberto Emiliod1963-97449810aRégil Herasme Santil, otros Herasme, otros Santil /cRoberto Emilio Matos Flrián,. aSanto Domingo :bEditora Búho,c2015. a463 p. :bil., retrs. ;c23 cm. aIncluye datos biográficos del autor en la contracubierta 001054708DSaGRbGRcHDd2015-08-20iLF1l0o p46506-30r2020-06-25te. 3w2020-06-25yLFDSZPréstamo en sala 0010718PDaPDbPDcHDd2015-08-20iLF1l0o p46506-10r2020-06-25w2020-06-25yLFPDZNo se presta 0010718PDaPDbPDcHDd2015-08-20iLF1l0o p46506-20r2020-06-25te. 2w2020-06-25yLFPDZNo se presta c45995d45995